000 00414nmm a2200145Ia 4500
008 251105s9999||||xx |||||||||||||||||und||
041 _aspa
100 _ade la Rosa, Raúl
245 0 _aLa sombra del samurai. 47 Ronin
264 _a[Madrid, España] :
_bEdiciones B,
_c2014
300 _a300 páginas
650 _aSpanish narrative
856 _uhttps://public.digitaliapublishing.com/a/52847
942 _cCF
999 _c105169
_d105169